دور صيانة الموارد البشرية في الحد من مقاومة التغيير في شركة كهرباء اربد في الأردن= The Role of Human Resourcees Maintenance in Reducing Resistance to Change in Irbid Electricity company in jordan / (Record no. 31849)
[ view plain ]
| 000 -LEADER | |
|---|---|
| fixed length control field | 01136nam a2200241Ii 4500 |
| 003 - CONTROL NUMBER IDENTIFIER | |
| control field | JO-AjNU |
| 005 - DATE AND TIME OF LATEST TRANSACTION | |
| control field | 20240625093511.0 |
| 008 - FIXED-LENGTH DATA ELEMENTS--GENERAL INFORMATION | |
| fixed length control field | 230605s9999||||xx |||||||||||||| ||und|| |
| 040 ## - CATALOGING SOURCE | |
| Original cataloging agency | JO-AjNU |
| Language of cataloging | ara |
| Description conventions | rda |
| Transcribing agency | JO-AjNU |
| 041 ## - LANGUAGE CODE | |
| Language code of text/sound track or separate title | ara |
| 050 14 - LIBRARY OF CONGRESS CALL NUMBER | |
| Classification number | HF5549.5 2021 |
| 100 #1 - MAIN ENTRY--PERSONAL NAME | |
| Personal name | الصمادي، مها عدنان محمود |
| 9 (RLIN) | 65574 |
| 245 00 - TITLE STATEMENT | |
| Title | دور صيانة الموارد البشرية في الحد من مقاومة التغيير في شركة كهرباء اربد في الأردن= The Role of Human Resourcees Maintenance in Reducing Resistance to Change in <br/> Irbid Electricity company in jordan / |
| 260 ## - PUBLICATION, DISTRIBUTION, ETC. | |
| Date of publication, distribution, etc. | 2021 |
| 300 ## - PHYSICAL DESCRIPTION | |
| Extent | 102 ورقة |
| 336 ## - CONTENT TYPE | |
| Content type term | text |
| Content type code | txt |
| Source | rdacontent |
| 337 ## - MEDIA TYPE | |
| Media type term | unmediated |
| Media type code | n |
| Source | rdamedia |
| 338 ## - CARRIER TYPE | |
| Carrier type term | volume |
| Carrier type code | nc |
| Source | rdacarrier |
| 500 ## - GENERAL NOTE | |
| General note | رسالة جامعية(اطروحة ماجستير) جامعة عجلون الوطنية، كلية ادارة الاعمال، تخصص ادارة الاعمال، 2021 |
| 650 70 - SUBJECT ADDED ENTRY--TOPICAL TERM | |
| Topical term or geographic name entry element | ادارة الافراد- الموارد البشرية |
| 9 (RLIN) | 62454 |
| 700 #1 - ADDED ENTRY--PERSONAL NAME | |
| Personal name | المثاني، بلال احمد |
| 9 (RLIN) | 65043 |
| Relator term | مشرف |
| 942 ## - ADDED ENTRY ELEMENTS (KOHA) | |
| Source of classification or shelving scheme | Library of Congress Classification |
| Koha item type | Thesis |
| Withdrawn status | Lost status | Source of classification or shelving scheme | Damaged status | Not for loan | Home library | Current library | Shelving location | Date acquired | Total Checkouts | Full call number | Barcode | Date last seen | Price effective from | Koha item type |
|---|---|---|---|---|---|---|---|---|---|---|---|---|---|---|
| Library of Congress Classification | مكتبة جامعة عجلون الوطنية | مكتبة جامعة عجلون الوطنية | المراجع | 25/06/2024 | HF5549.5 2021 | A28281 | 06/06/2023 | 25/06/2024 | Thesis | |||||
| Library of Congress Classification | مكتبة جامعة عجلون الوطنية | مكتبة جامعة عجلون الوطنية | المراجع | 25/06/2024 | HF5549.5 2021 | a28280 | 25/06/2024 | 25/06/2024 | Thesis |